书目信息 |
| 题名: |
看谱分析图谱与标志
|
|
| 作者: | ;洛阳轴承厂 编 | |
| 分册: | ||
| 出版信息: | 北京 机械工业出版社 1981 |
|
| 页数: | 102页 | |
| 开本: | 21cm | |
| 丛书名: | ||
| 单 册: | ||
| 中图分类: | TG115.3 | |
| 科图分类: | ||
| 主题词: | 金属分析:光谱分析--图谱 , 光谱分析:金属分析--图谱 | |
| 电子资源: | ||
| ISBN: | ||
| 000 | 00695nam0 2200253 45 | |
| 001 | 0181000715 | |
| 005 | 20060725111307.07 | |
| 010 | @dCNY0.30 | |
| 091 | @a15033.4935 | |
| 100 | @a19950410d1981 emky0chiy0121 ea | |
| 101 | 0 | @achi |
| 102 | @aCN@b110000 | |
| 105 | @ay z 000yy | |
| 200 | 10 | @a看谱分析图谱与标志@Akan pu fen xi tu pu yu biao zhi@f洛阳轴承厂编 |
| 205 | @a修订本 | |
| 210 | @a北京@c机械工业出版社@d1981 | |
| 215 | @a102页@d21cm | |
| 606 | @a金属分析:光谱分析@x图谱 | |
| 606 | @a光谱分析:金属分析@x图谱 | |
| 690 | @aTG115.3@v3 | |
| 711 | 02 | @a洛阳轴承厂@Aluo yang zhou cheng chang@4编 |
| 801 | 2 | @aCN@bNLC@c20060725 |
| 801 | 0 | @aCN@bTSSF |
| 905 | @a10447@dTG115.3@e24 | |
| 看谱分析图谱与标志/洛阳轴承厂编.-修订本.-北京:机械工业出版社,1981 |
| 102页;21cm |
| ISBN :CNY0.30 |
| ● |
| 相关链接 |
|
|
|
|
正题名:看谱分析图谱与标志
索取号:TG115.3/24
 
预约/预借
| 序号 | 登录号 | 条形码 | 馆藏地/架位号 | 状态 | 备注 |
| 1 | 0438377 | 204383773 | 密集书库/ [索取号:TG115.3/24] | 在馆 |